=LDR 00000nam 2200000 4500 =001 INLIS000000000039651 =005 20130612145251 =008 ***********************************ind** =035 ##$$0010-061300000039651 =041 ##$$a ind =082 ##$$a 028.5 =090 ##$$a 028.5, Mis u =100 ##$$a Misrawi, Zuhairi =245 ##$$a Umar Bin Khattab =650 ##$$a Bacaan Kanak-kanak =850 ##$$a NBPNMAT =990 ##$$a 21400613/BPAP-NTB/20142014 =990 ##$$a 21400613/BPAP-NTB/20142014 =990 ##$$a 0001/BPAP-NTB/2015 =990 ##$$a 0001/BPAP-NTB/2015